Stanovenie parametrov vznietivosti rozvíreného prachu vybraného druhu kakaového prášku

Saved in:
Bibliographic Details
Main Author: Mončeková, Klaudia (Author)
Other Authors: Kobetičová, Hana (Thesis advisor)
Format: Manuscript Book
Language:Slovak
Published: 2017
Subjects:
Online Access:http://is.stuba.sk/zp/portal_zp.pl?podrobnosti=132043
Tags: Add Tag
No Tags, Be the first to tag this record!

MARC

LEADER 00000ntm a22000003a 4500
001 stuzp64219
003 SK-STU
005 20170624213152.1
007 ta
008 150427s2015----xo-----f-mn---000-0-slo-d
040 |a STU  |b slo 
041 0 |a slo 
100 1 |a Mončeková, Klaudia  |u 065000  |4 aut  |U MTF Materiálovotechnologická fakulta  |T MTF Ústav integrovanej bezpečnosti  |X 77374  |U M5000  |Y 85  |7 77374 
242 0 1 |a Determination of the ignition parameters of the scattered dust of the selected cocoa powder type  |y eng 
245 1 0 |a Stanovenie parametrov vznietivosti rozvíreného prachu vybraného druhu kakaového prášku 
260 |c 2017 
650 4 |a kakao  |2 slo 
650 4 |a rozvírený prach  |2 slo 
650 4 |a teplota vznietenia  |2 slo 
650 4 |a scattered dust  |2 eng 
650 4 |a ignition temperature  |2 eng 
650 4 |a cocoa  |2 eng 
700 1 |a Kobetičová, Hana  |u 065300  |k Z1  |4 ths  |U MTF Ústav integrovanej bezpečnosti  |T MTF Katedra požiarneho inžinierstva  |X 48499  |U M5300  |Y 193  |7 A000048499 
856 4 |u http://is.stuba.sk/zp/portal_zp.pl?podrobnosti=132043 
996 |c M* BP-8065  |l MMSKP  |s P  |a 0  |w stuzp64219_0001